| 000 | 02047cam a22005294i 4500 | ||
|---|---|---|---|
| 003 | PE-LiUPU | ||
| 005 | 20250731173245.0 | ||
| 008 | 150625s1985 sp a rb 000 0 spa d | ||
| 020 | _a8471514397 | ||
| 020 | _a9788471514394 | ||
| 035 | _a(Sirsi) a35418 | ||
| 040 |
_aPE-LiUPU _bspa _cPE-LiUPU _erda |
||
| 041 | 1 |
_aspa _hfre |
|
| 049 | _aPRUA | ||
| 082 | 0 | 4 |
_a231.765 _bM84 _220 |
| 100 | 1 |
_aMontenat, Christian, _eautor. |
|
| 245 | 1 | 0 |
_aPara leer la creacion en la Evolucion / _cChristian Montenat, Luc Plateaux, Pascal Roux. |
| 264 | 1 |
_aEstella : _bVerbo Divino, _c1985. |
|
| 300 |
_a127 páginas : _bilustraciones ; _c22 centímetros |
||
| 336 |
_atext _2rdacontent |
||
| 337 |
_aunmediated _2rdamedia |
||
| 338 |
_avolume _2rdacarrier |
||
| 504 | _aBibliografía: páginas 126-127. | ||
| 505 | 0 | _aEvolución y creación -- El origen de la vida -- Emergencia de la autonomía en los seres vivos, hasta el umbral de la libertad -- Evolución del comportamiento y libertad -- La emergencia humana. los problemas de la hominización -- Hombre, ¿quién eres? -- La experiencia del mal y del pecado y la búsqueda de los orígenes -- ¿Adónde va la evolución? el porvenir de la humanidad -- Para leer de la creación. | |
| 526 | _aSEG42 | ||
| 526 | _aSEG41 | ||
| 526 | _aSEG40 | ||
| 526 | _aSEG39 | ||
| 526 | _aP94 | ||
| 526 | _aP87 | ||
| 526 | _aP86 | ||
| 526 | _aP85 | ||
| 526 | _aP77 | ||
| 526 | _aP76 | ||
| 526 | _aP35 | ||
| 534 |
_pTítulo original : _tPour lire la création dans l'évolution. |
||
| 650 | 0 | 4 | _aEvolució humana. |
| 650 | 0 | 4 |
_aVida _xOrigen. |
| 700 | 1 |
_aPlateaux, Luc, _eautor. |
|
| 700 | 1 |
_aRoux, Pascal, _eautor. |
|
| 910 |
_adbm _bjpc _cjpc _d20190520 |
||
| 942 |
_2ddc _cBOOK |
||
| 994 |
_aC0 _bPEPRU |
||
| 596 | _a1 | ||
| 999 |
_a231.765 M84 _wDEWEY _c43380 _i37029 _d43380 _e2017-6-15 _f2021-11-11 _g5 _lCCODEBUL1 _mBUL _n3 _p13.00 _r0 _sY _tBOOK _u2015-6-25 _xTEOLOGIA _PP35 _0COMPRA _o.STAFF. Colección Teología |
||
| 980 |
_81 _gALBERTO SANCHEZ Responsable de Automatización |
||